000 00612nam a2200241Ia 4500
001 34313
005 20240114001724.0
007 ta
008 070215s1928 g b000 u 465 u
040 _aCotton College Assam
041 _a465
082 _a920.7
_bH 246 El
100 _aHarrison, G.B..
245 0 _aAn Elizabethan Journal /
_cG.B.Harrison.
_hTextual Documents
250 _a1st ed. /
260 _aLondon :
_bConstable ,
_c1928.
300 _a421p. ;
_c22cm.
653 _aBiography-Women
653 _aG-Biography
942 _2ddc
_cBK
999 _c34295
_d34295